Седьмой поход Сослана Нарты: роман; пер. с осетин.

Библиографические подробности
Главный автор: Булкаты М. Михаил
Другие авторы: Булкаты И. (переводчик), Жигалов Ю. В. (иллюстратор)
Примечания:Исключено из фонда НТБ ТПУ
Язык:русский
Опубликовано: Москва, Советский писатель, 1989
Формат: MixedMaterials Книга
Запись в KOHA:https://koha.lib.tpu.ru/cgi-bin/koha/opac-detail.pl?biblionumber=133903

MARC

LEADER 00000nam0a2200000 4500
001 133903
005 20231031135459.0
010 |a 5265008853 
020 |a RU  |b 89-35907 
035 |a (RuTPU)RU\TPU\book\145146 
090 |a 133903 
100 |a 20080324d1989 m a0rusy5003 ca 
101 1 |a rus  |c rus 
102 |a RU 
105 |a y z 000ay 
200 1 |a Седьмой поход Сослана Нарты  |e роман  |e пер. с осетин.  |f М. Булкаты  |g пер. И. Булкаты ; худож. Ю. В. Жигалов 
210 |a Москва  |c Советский писатель  |d 1989 
215 |a 280 с. 
333 |a Исключено из фонда НТБ ТПУ 
700 1 |a Булкаты  |b М.  |g Михаил 
702 1 |a Булкаты  |b И.  |4 730 
702 1 |a Жигалов  |b Ю. В.  |4 440 
801 0 |a RU  |b RuMRKP  |c 19950417  |g psbo 
801 1 |a RU  |b 63413507  |c 20080324  |g PSBO 
801 2 |a RU  |b 63413507  |c 20220602  |g PSBO 
942 |c BK